1944 1249 1144 1361 1473 1499 1262 1170 1050 1479 1933 1341 1723 1353 1079 1541 1765 1800 1846 1743 1225 1344 1971 1642 2000 1876 1842 1965 1045 1179 1597 1146 1511 1271 1108 1675 1255 1822 1533 1246 1584 1465 1339 1990 1747 1509 1890 1706 1602 1757 1991 1043 1451 1472 1328 1517 1841 1337 1411 1564 1495 1501 1728 1786 1184 1040 1975 1421 1949 1410 1611 1188 1909 1631 1853 1477 1267 1733 1184 1325 1061 1544 1449 1461 1858 1675 1798 1920 1389 1026 1746 1589 1481 1008 1841 1034 1699 1938 1543 BCNSPRNW ULIB Ver.6.0+V

เปลี่ยนเป็นภาษาไทย

Change to English
 แสดงรายละเอียดบรรณานุกรม
  กลับหน้าหลัก

Brief Record : Get Marc (ISO 2709) : E-mail record : QR code < ปิดหน้าต่าง
LEADER : 00000nam 2200000uu 4500
001    13399125062
003     ULIB
008    160609s2558||||th 000 0 tha d
020    ^a9786163746566
060 04 ^aWS270^bร812 ล.2
245 00 ^aโรคข้อสะโพกและขาในเด็ก.^nเล่ม 2/^cไพรัช ประสงค์จีน ...และคณะ
250    ^aพิมพ์ครั้งที่ 1
260    ^aกรุงเทพฯ :^bภาควิชาออร์โธปิดิกส์ คณะแพทยศาสตร์ จุฬาลงกรณ์มหาวิทยาลัย,^c2558
300    ^a976 หน้า, 2 เล่ม :^bภาพประกอบ ;^c26 ซม.
500    ^aกุมารเวชศาสตร์
505 0  ^a6.Legg-Calve-Perthes Disease--7.Slipped Capital Femoral Epiphysis--8.Osteomyelitis--9.Septic Arthritis--10.Spinal Infection
650  2 ^aJoint Diseases^xin infancy & childhood
650  4 ^aข้อ, โรค
650  4 ^aข้อ, โรค^xในวัยทารก & วัยเด็ก
650  4 ^aขา
650  4 ^aสะโพก
700 0  ^aไพรัช ประสงค์จีน
710 2  ^aจุฬาลงกรณ์มหาวิทยาลัย.^bคณะแพทยศาสตร์.^bภาควิชาออร์โธปิดิกส์
945    ^p850^l0^i001217
999    ^aเกษร โพธิ์สุวรรณ
รายการนี้ยังไม่มีแท็ก
คุณยังไม่ได้ล็อกอิน คุณสามารถมีกิจกรรมร่วมกับเว็บไซต์ได้ แต่ต้องล็อกอินก่อน ::
  ล็อกอิน

รายการสื่อสารสนเทศ

ลำดับที่ ประเภท เลขเรียก/บาร์โค้ด สถานที่ สถานะ
1. วิทยาศาสตร์การแพทย์ และสุขภาพ
วิทยาศาสตร์การแพทย์ และสุขภาพ
สถานะ=หนังสือเก่า
WS270 ร812 ล.2 ฉ.1 
  Barcode: 001217
ห้องสมุดวิทยาเขตสวรรค์ประชารักษ์
►ส่วนจัดเก็บหนังสือเก่า สปร
บนชั้น
  ขอยืม

รายการใกล้เคียง
    หัวเรื่อง [ข้อ, โรค]
    หัวเรื่อง [ขา]
    หัวเรื่อง [สะโพก]

BibComment


ยังไม่เคยถูกคอมเมนท์

คอมเมนท์ทรัพยากรรายการนี้
  คอมเมนท์: โรคข้อสะโพกและขา..


 Copyright 2026. Bcnsprnw @Library